AH International Schools' Libraries

The Olympics: Going for Gold: A Guide to the Summer Games / (Record no. 48032)

MARC details
000 -LEADER
fixed length control field 00416nam a2200121 4500
020 ## - INTERNATIONAL STANDARD BOOK NUMBER
International Standard Book Number 9780750295468
100 ## - MAIN ENTRY--PERSONAL NAME
Personal name Fullman, Joe,
Relator term author.
9 (RLIN) 85826
245 ## - TITLE STATEMENT
Title The Olympics: Going for Gold: A Guide to the Summer Games /
Remainder of title by Joe Fullman.
260 ## - PUBLICATION, DISTRIBUTION, ETC. (IMPRINT)
Place of publication, distribution, etc Uk ;
Name of publisher, distributor, etc Wayland :
Date of publication, distribution, etc December 20, 2016.
300 ## - PHYSICAL DESCRIPTION
Extent 32 pages.
Dimensions 8.54 x 0.35 x 10.55 inches.
650 ## - SUBJECT ADDED ENTRY--TOPICAL TERM
9 (RLIN) 85771
Topical term or geographic name as entry element Olympic sports
Form subdivision Juvenile Literature
942 ## - ADDED ENTRY ELEMENTS (KOHA)
Source of classification or shelving scheme
Koha item type Book
Holdings
Withdrawn status Lost status Source of classification or shelving scheme Damaged status Not for loan Home library Current library Date acquired Total Checkouts Full call number Barcode Date last seen Date checked out Price effective from Koha item type
          Logos International School Logos International School 12/03/2024 6 J 796.4809 FUL 040217 04/28/2026 04/27/2026 12/03/2024 Book

For any Logos Library related questions please contact Miss Art at swongnarasuk@asianhope.org.

For any Asian Hope Library related questions please contact Miss Raza at graza@asianhope.org.

Powered by Koha